Open Data Biblioteca Nacional de Portugal


República Portuguesa: Ministério da Cultura
Biblioteca Nacional de Portugal

Catálogo da BNP: acesso por Identificadores Unívocos
Registos Bibliográficos associados ao registo de autoridade

Etiqueta de registo: 00254nam 2200025 450
001 2228644
003 http://id.bnportugal.gov.pt/bib/catbnp/2228644
010 ## $a978-972-9148-94-1
021 ## $aPT$b549364/25
100 ## $a20251014d2025 m d0pory01030103ba
101 0# $apor$aeng
102 ## $aPT
105 ## $aa b 000yy
106 ## $ar
200 1# $aTerra inesgotável$dInexhaustible land$finvestigação Pedro Carvalho de Almeida, Abhishek Chatterjee$gtextos Ana Pires... [et al.]$gfot. António Loureiro... [et al.]$zeng
210 #9 $aSão João da Madeira$cCâmara municipal de São João da Madeira,$d2025
215 ## $a59, [1] p.$cmuito il.$d26 cm
510 1# $aInexhaustible land$zeng
675 ## $a7.05A/Z(4/8=134.3)(083.82)$vBN$zpor$31972564
675 ## $a677.02(4/8=134.3)(083.82)$vBN$zpor$31972565
675 ## $a685.34(4/8=134.3)(083.82)$vBN$zpor$31972566
675 ## $a391(4/8=134.3)(083.82)$vBN$zpor$31972569
701 #1 $aPires,$bAna$4070$3122233
702 #1 $aAlmeida,$bPedro Carvalho de,$f1972-$4205$31847598
702 #1 $aChatterjee,$bAbhishek$4205$31847597
702 #1 $93$aLoureiro,$bAntónio$4600$31969056
801 #0 $aPT$bBN$gRPC
856 41 $uhttp://rnod.bnportugal.gov.pt/ImagesBN/winlibimg.aspx?skey=&doc=2228644&img=215511&save=true
900 ## $aBIBNAC$d20251126
966 ## $lBN$mFGMON$sB.A. 52999 V.$x1
966 ## $lBN$mFGMON$sB.A. 52999 V.-D$x1
971 ## $clrevez$d20251014
973 ## $ctrodrigues$d20251119
975 ## $e0$d20251126$viquintas

Etiqueta de registo: 00254nam 2200025 450
001 2288250
003 http://id.bnportugal.gov.pt/bib/catbnp/2288250
010 ## $a978-972-9148-98-9
021 ## $aPT$b563403/26
100 ## $a20260618d2026 m d0pory01030103ba
101 0# $apor$aeng
102 ## $aPT
105 ## $aa b 000yy
106 ## $ar
200 1# $aMetamorfoses dos plásticos$e a realidade e as múltiplas abordagens$dMetamorphoses of plastics$e the reality and the multiple approaches$fcoord. Maria Elvira Gallapez, Sara Paiva$gtextos Artur Neves... [et al.]$gfot. António Loureiro, Egídio Santos$zeng
210 #9 $aSão João da Madeira$cCâmara Municipa de São João da Madeira,$dD.L. 2026
215 ## $a97, [2] p.$cil.$d26 cm
305 ## $aEd. bilingue em português e inglês
510 1# $aMetamorphoses of plastics$e the reality and the multiple approaches$zeng
702 #1 $aCalapez,$bMaria Elvira$4340$3991117
702 #1 $aPaiva,$bSara$4730$31849127
702 #1 $aNeves,$bArtur Louro Mendonça$4070$31910161
702 #1 $93$aLoureiro,$bAntónio$4600$31969056
702 #1 $aSantos,$bEgídio,$f1970-$4600$3203515
801 #0 $aPT$bBN$gRPC
966 ## $lBN$mFGMON$x1
966 ## $lBN$mFGMON$x1
971 ## $ciquintas$d20260618

OpendataBNP@bnportugal.pt | Mais informação sobre acesso aos dados BNP